Quiz de times de futebol de Girabola 24/25 - Statistics

Estatísticas Gerais
  • Esse quiz foi jogado 9 vezes
  • A pontuação média é 6 de 16
Estatísticas das Respostas
Cidade Fundado Time % Correto
Luanda 1980 Petro
100%
Dundo 1976 Esperança
63%
Lobito 1970 Lobito
50%
Lunda Sul 2020 Lunda Sul
50%
Luanda 1976 Interclube
38%
Benguela 2020 Isaac
38%
Libolo 1942 Libolo
38%
Uíge 2015 Santa Rita
38%
Lubango 1998 Huíla
25%
Luanda 1994 Kabuscorp
25%
Luena 1983 Maquis
25%
Luanda 1977 Primeiro de Agosto
25%
Uíge 2021 Carmona
13%
Luanda 2022 Luanda City
13%
Mbanza Kongo, Zaire 2001 São Salvador
13%
Benguela 2018 Wiliete
13%
Nenhum quiz correspondente encontrado
Distribuição das Pontuações
Porcentagem de Pessoas com Cada Pontuação
Percentil de Números Respondidos
Sua Pontuação Histórica
Você não jogou esse quiz